[Event "Chigorin Memorial Open"]
[Site "St Petersburg RUS"]
[Date "2011.10.16"]
[Round "3.82"]
[White "Bezulenko, Evgeny"]
[Black "Vladimirov, Ivan"]
[Result "0-1"]
[BlackTitle "FM"]
[WhiteElo "1953"]
[BlackElo "2310"]
[WhiteFideId "24105996"]
[BlackFideId "24105821"]
[EventDate "2011.10.14"]

1. f4 c5 2. Nf3 Nc6 3. e3 e6 4. d4 d5 5. c3 Nf6 6. Bd3 Bd6 7. O-O O-O 8. Ne5 Ne4
9. Nd2 f5 10. Ndf3 Bd7 11. Nxd7 Qxd7 12. Ne5 Nxe5 13. fxe5 Be7 14. Qe2 Rab8 15.
Bd2 Bg5 16. Be1 c4 17. Bc2 b5 18. a4 bxa4 19. Bxa4 Qe7 20. g3 Rb6 21. Ra2 Rfb8
22. Rf3 Qb7 23. h4 Bh6 24. Kf1 Rxb2 25. Rxb2 Qxb2 26. Qxb2 Rxb2 27. Bd7 Kf7 28.
g4 Ke7 29. Bxe6 Kxe6 30. gxf5+ Ke7 31. h5 Bg5 32. Rh3 h6 33. Bh4 a5 34. Bxg5+
Nxg5 35. Rg3 a4 36. e4 a3 37. exd5 a2 38. d6+ Kd8 39. Re3 0-1

[Event "Chigorin Memorial Open"]
[Site "St Petersburg RUS"]
[Date "2011.10.16"]
[Round "3.83"]
[White "Kuznetsov, Nikolay P."]
[Black "Voronenkov, Sergey"]
[Result "1-0"]
[WhiteTitle "FM"]
[WhiteElo "2293"]
[BlackElo "2048"]
[WhiteFideId "4175379"]
[BlackFideId "24129674"]
[EventDate "2011.10.14"]

1. d4 Nf6 2. c4 g6 3. g3 d5 4. Nf3 Bg7 5. Bg2 O-O 6. O-O c6 7. Nc3 dxc4 8. a4 a5
9. Ne5 Be6 10. e4 Nfd7 11. Nf3 Na6 12. Ng5 Nb4 13. Be3 Kh8 14. Rb1 h6 15. Nxe6
fxe6 16. e5 Nd5 17. Qg4 Kh7 18. Qxe6 N7b6 19. Be4 Qe8 20. Nxd5 Nxd5 21. Bxd5
cxd5 22. Qxd5 Qxa4 23. Qxb7 Qb4 24. Qe4 Rab8 25. Rfc1 Rfc8 26. Qc2 e6 27. h4 Qb3
28. Qxb3 cxb3 29. Bd2 a4 30. Rxc8 Rxc8 31. Ra1 Rc2 32. Be3 Rxb2 33. Rxa4 Ra2 34.
Rb4 b2 35. Kg2 Bf8 36. Rb7+ Kg8 37. d5 exd5 38. Bd4 Ba3 39. e6 Ra1 40. Rb8+ Bf8
41. e7 1-0

[Event "Chigorin Memorial Open"]
[Site "St Petersburg RUS"]
[Date "2011.10.16"]
[Round "3.84"]
[White "Chigaev, Maksim"]
[Black "Klepikov, Nikita"]
[Result "1-0"]
[WhiteElo "2289"]
[BlackElo "1992"]
[WhiteFideId "4108116"]
[BlackFideId "24145220"]
[EventDate "2011.10.14"]

1. e4 c5 2. Nf3 d6 3. d4 cxd4 4. Nxd4 Nf6 5. Nc3 g6 6. Be3 Bg7 7. f3 O-O 8. Qd2
Nc6 9. g4 Be6 10. Nxe6 fxe6 11. O-O-O Ne5 12. Be2 Rc8 13. Nb5 a6 14. Nd4 Qd7 15.
h4 Rc7 16. Kb1 Rfc8 17. h5 Nexg4 18. fxg4 Nxe4 19. Qd3 d5 20. hxg6 Rc3 21. gxh7+
Kh8 22. bxc3 Rxc3 23. Qxe4 dxe4 24. Nxe6 Rd3 25. cxd3 exd3 26. Rxd3 Qb5+ 27. Kc1
Qb2+ 28. Kd1 Qb1+ 29. Bc1 1-0

[Event "Chigorin Memorial Open"]
[Site "St Petersburg RUS"]
[Date "2011.10.16"]
[Round "3.86"]
[White "Dzhavathanov, Magomed"]
[Black "Khakimov, Timur"]
[Result "0-1"]
[BlackTitle "IM"]
[WhiteElo "1793"]
[BlackElo "2281"]
[WhiteFideId "24106020"]
[BlackFideId "4169115"]
[EventDate "2011.10.14"]

1. e4 e5 2. Nf3 Nc6 3. d4 exd4 4. Nxd4 Bb4+ 5. c3 Be7 6. Bd3 Nf6 7. O-O O-O 8.
Nxc6 dxc6 9. e5 Ng4 10. Bf4 Bg5 11. Bxg5 Qxg5 12. f4 Qh4 13. h3 Ne3 14. Qe1 Nxg2
15. Qxh4 Nxh4 16. Kh2 Rd8 17. Bc2 Bf5 18. Bd1 Rd3 19. Bg4 Rad8 20. Na3 h5 21.
Bxf5 Nxf5 22. Rf2 Rg3 23. Rg1 h4 24. Rfg2 Rdd3 25. Rxg3 hxg3+ 26. Kg2 Nh4+ 0-1

[Event "Chigorin Memorial Open"]
[Site "St Petersburg RUS"]
[Date "2011.10.16"]
[Round "3.87"]
[White "Turikov, Viktor"]
[Black "Pershin, Denis"]
[Result "1/2-1/2"]
[WhiteTitle "FM"]
[WhiteElo "2279"]
[BlackElo "1984"]
[WhiteFideId "4107810"]
[BlackFideId "24165506"]
[EventDate "2011.10.14"]

1. e3 Nf6 2. Nf3 e6 3. b3 Be7 4. Bb2 b6 5. d4 O-O 6. Bd3 Bb7 7. O-O c5 8. c4 d5
9. Nc3 Na6 10. cxd5 cxd4 11. Nxd4 Nxd5 12. Ne4 Nc5 13. Nxc5 Bxc5 14. Qg4 Nf6 15.
Qg3 Qd6 16. Qxd6 Bxd6 17. Rfd1 Rfd8 18. Rac1 Rac8 19. Rxc8 Rxc8 20. Nb5 Be7 21.
Nxa7 Ra8 22. Nb5 Rxa2 23. Bd4 Bd5 24. Nc3 Bxb3 25. Rb1 Rd2 26. Rxb3 Rxd3 27. Kf1
Rd2 28. Rxb6 h6 29. Rb8+ Kh7 30. Rb7 Ng8 31. g3 Rc2 32. h4 h5 33. Ne2 Rc8 34.
Nf4 g6 35. Kg2 Re8 36. e4 Nh6 37. f3 Bd6 38. Nh3 e5 39. Rd7 Bf8 40. Be3 Kg8 41.
Nf2 f5 42. Bxh6 Bxh6 43. Nd3 fxe4 44. fxe4 g5 45. Nb4 gxh4 46. Nd5 Bg5 47. Rd6
Kg7 48. Rd7+ Kg8 49. Rd6 Kg7 1/2-1/2

[Event "Chigorin Memorial Open"]
[Site "St Petersburg RUS"]
[Date "2011.10.16"]
[Round "3.88"]
[White "Gudkina, Zhanna"]
[Black "Goikhman, Valentin"]
[Result "0-1"]
[WhiteElo "1781"]
[BlackElo "2261"]
[WhiteFideId "24102318"]
[BlackFideId "2806800"]
[EventDate "2011.10.14"]

1. e4 c5 2. Nf3 e6 3. d4 cxd4 4. Nxd4 a6 5. Be2 Nf6 6. Nc3 Qc7 7. O-O Bb4 8. Qd3
d6 9. a3 Bxc3 10. bxc3 Nbd7 11. f3 O-O 12. Bg5 b6 13. Bxf6 Nxf6 14. f4 Bb7 15.
Bf3 Rac8 16. Rab1 Nd7 17. Ne2 Qc5+ 18. Kh1 Qxa3 19. e5 d5 20. Bg4 Rc4 21. Qh3 b5
22. Qh4 Qa4 23. Nd4 Rxd4 24. cxd4 Qxd4 25. Rb3 Re8 26. Rh3 Nf8 27. Be2 g6 28.
Qe1 Rc8 29. Bd3 b4 30. Rh4 Qc3 31. Qxc3 Rxc3 32. f5 b3 33. fxe6 Nxe6 34. cxb3
Rxd3 35. Rb4 Bc6 36. Rb6 Bb5 37. Rb8+ Kg7 38. Rb7 Nd8 39. Re7 Rxb3 40. Re1 Nc6
41. Rc7 Nxe5 42. h3 Nc4 43. Rd1 Ne3 44. Rd4 Bc4 45. Rf4 Nf5 46. Rc6 h5 47. Kg1
h4 48. Kf2 Rb2+ 49. Kg1 Rb1+ 50. Kh2 a5 51. Rc7 a4 52. Ra7 Ra1 53. Ra5 a3 54.
Ra7 a2 55. Ra3 Rb1 56. Rxc4 dxc4 57. Rxa2 Ng3 0-1

[Event "Chigorin Memorial Open"]
[Site "St Petersburg RUS"]
[Date "2011.10.16"]
[Round "3.91"]
[White "Lysukha, Nikita"]
[Black "Harshkou, Mikita"]
[Result "0-1"]
[WhiteElo "1683"]
[BlackElo "2248"]
[WhiteFideId "24177610"]
[BlackFideId "13504770"]
[EventDate "2011.10.14"]

1. d4 e6 2. c4 f5 3. Nc3 Nf6 4. g3 d6 5. Nf3 Be7 6. Bg2 O-O 7. O-O Ne4 8. Qc2
Nxc3 9. Qxc3 a5 10. a3 Nc6 11. Bd2 a4 12. e3 Bf6 13. Qc2 e5 14. d5 Nb8 15. Bc3
Qe8 16. Nd2 Na6 17. f4 exf4 18. exf4 Qe3+ 19. Kh1 Bxc3 20. Qxc3 Qxc3 21. bxc3
Nc5 22. Rae1 Bd7 23. Re3 Rae8 24. Rfe1 Rxe3 25. Rxe3 Re8 26. Rxe8+ Bxe8 27. Bf3
Nb3 28. Nb1 b5 29. Be2 Bf7 30. Kg1 Na5 31. cxb5 Bxd5 32. Bd3 Be4 33. Bxe4 fxe4
34. Kf2 Nc4 35. Ke2 e3 36. g4 h6 37. h4 g6 38. Kd3 Kf7 39. Ke2 h5 40. gxh5 gxh5
41. Kf3 Ke6 42. Ke2 Kf6 43. Kf3 Kf5 44. Ke2 Kxf4 45. Ke1 Kf3 46. Kd1 e2+ 47. Ke1
Ke3 0-1

[Event "Chigorin Memorial Open"]
[Site "St Petersburg RUS"]
[Date "2011.10.16"]
[Round "3.92"]
[White "Tsydypov, Zhamsaran"]
[Black "Korchagina, Viktoria"]
[Result "1-0"]
[BlackTitle "WFM"]
[WhiteElo "2288"]
[BlackElo "2109"]
[WhiteFideId "4108566"]
[BlackFideId "4197224"]
[EventDate "2011.10.14"]

1. e4 c5 2. Nf3 d6 3. d4 cxd4 4. Nxd4 Nf6 5. Nc3 a6 6. Be2 e5 7. Nb3 Be7 8. Be3
Be6 9. Bf3 Nbd7 10. g4 Nb6 11. Bxb6 Qxb6 12. g5 Nd7 13. Bg4 Nc5 14. h4 Qc6 15.
Qf3 Na4 16. Nxa4 Qxa4 17. Bxe6 fxe6 18. Qg4 Rc8 19. c3 Rf8 20. f3 Kd7 21. Rh2
Rf4 22. Qg3 Rcf8 23. Rf2 Bd8 24. O-O-O Bb6 25. Rfd2 Be3 26. Qe1 Bxd2+ 27. Qxd2
Kc8 28. Qxd6 Rxf3 29. Qxe6+ Kb8 30. Nc5 Rxc3+ 31. bxc3 Qa3+ 32. Kb1 Qxc5 33. Qd5
Qb6+ 34. Ka1 Qc7 35. c4 Rc8 36. Rb1 b5 37. Qe6 Ka7 38. Rd1 Rd8 39. Rf1 Rd7 40.
c5 Re7 41. Qd6 Rd7 42. Qxc7+ Rxc7 43. Rd1 Kb7 44. Rd5 Re7 45. Kb2 Kc6 46. Kb3 a5
47. a4 Rf7 48. Rd6+ Kxc5 49. Rd5+ Kc6 50. axb5+ Kb6 51. Rxe5 Rf1 52. h5 Rh1 53.
Kc3 Rxh5 54. Kc4 Rh1 55. Re6+ Kb7 56. b6 Rg1 57. Kb5 Rxg5+ 58. e5 Rg1 59. Re7+
Kc8 60. b7+ Kb8 61. Ka6 Rb1 62. Rxg7 a4 63. e6 a3 64. e7 1-0

[Event "Chigorin Memorial Open"]
[Site "St Petersburg RUS"]
[Date "2011.10.16"]
[Round "3.93"]
[White "Vunder, Andrey"]
[Black "Mitiushkin, Marat"]
[Result "1-0"]
[WhiteElo "2282"]
[BlackElo "1995"]
[WhiteFideId "4128338"]
[BlackFideId "4141849"]
[EventDate "2011.10.14"]

1. d4 d5 2. Bf4 c6 3. e3 Qb6 4. Qc1 Nf6 5. c4 Bf5 6. Nc3 e6 7. Nf3 h6 8. Be2 Be7
9. h3 O-O 10. O-O Rc8 11. c5 Qd8 12. b4 Nbd7 13. Qb2 b5 14. a4 a6 15. Ra3 Ne8
16. Rfa1 Bf6 17. R1a2 g5 18. Bh2 bxa4 19. Rxa4 Nc7 20. Qa1 Rab8 21. Rb2 g4 22.
hxg4 Bxg4 23. Ne5 Nxe5 24. dxe5 Bxe2 25. Nxe2 Bg7 26. Nd4 Qe8 27. Rb3 f6 28.
exf6 Bxf6 29. Qd1 e5 30. Qg4+ Kh7 31. Qf5+ Kg7 32. Nf3 e4 33. Ne5 Rb7 34. Ng4
Qe6 35. Qxf6+ Qxf6 36. Nxf6 Kxf6 37. Bxc7 Rcxc7 38. Rxa6 Ke5 39. Ra4 Rb8 40. Rb1
Rcb7 41. Ra6 Rc8 42. g3 Kf5 43. Kg2 Ke5 44. Rh1 Rxb4 45. Rh5+ Ke6 46. Rxh6+ Ke5
47. Raxc6 Rxc6 48. Rxc6 d4 49. exd4+ Kxd4 50. Rc8 Rb2 51. c6 Kd5 52. c7 1-0

[Event "Chigorin Memorial Open"]
[Site "St Petersburg RUS"]
[Date "2011.10.16"]
[Round "3.95"]
[White "Androsov, Sergey"]
[Black "Semenova, Irina"]
[Result "1-0"]
[BlackTitle "WGM"]
[WhiteElo "2088"]
[BlackElo "2236"]
[WhiteFideId "4102681"]
[BlackFideId "4118367"]
[EventDate "2011.10.14"]

1. e4 e5 2. Nf3 Nc6 3. Bb5 a6 4. Ba4 d6 5. O-O Bd7 6. c3 g6 7. d4 Bg7 8. Bg5 Nf6
9. Nbd2 h6 10. Bxf6 Bxf6 11. d5 Ne7 12. Bxd7+ Qxd7 13. Re1 O-O 14. Nf1 Bg7 15.
N3d2 f5 16. f3 Kh8 17. c4 Rg8 18. Ne3 f4 19. Ng4 h5 20. Nf2 Bf6 21. Kf1 Bh4 22.
Ke2 g5 23. h3 Rg7 24. Rh1 Ng8 25. Qb3 Bxf2 26. Kxf2 Rb8 27. Rac1 c5 28. dxc6
Qxc6 29. c5 dxc5 30. Nc4 Re8 31. Qc3 Qc7 32. Rhd1 Re6 33. Rd5 Rge7 34. Rcd1 Nf6
35. Rd6 b5 36. Qa5 Qxa5 37. Nxa5 Ne8 38. Rxe6 Rxe6 39. Nb7 c4 40. Nd8 Re7 41.
Nc6 Rc7 42. Nxe5 Nf6 43. h4 Kg7 44. hxg5 Nh7 45. Rd6 Nf8 46. Rxa6 Re7 47. Nc6
Re6 48. Ra7+ Kg6 49. Nd4 Rb6 50. Rc7 Rb8 51. a3 Rd8 52. Nxb5 Rd2+ 53. Kg1 Rxb2
54. Nc3 Rb3 55. Rxc4 Rxa3 56. Ne2 Ne6 57. Rc6 Kf7 58. Rxe6 Kxe6 59. Nxf4+ Kf7
60. Kh2 Ra5 61. Nd5 Kg6 62. f4 Ra4 63. Nf6 Ra3 64. g3 Ra2+ 65. Kh3 Re2 66. g4
hxg4+ 67. Kxg4 Rg2+ 68. Kf3 Rg1 69. Nd5 Re1 70. Ne7+ Kf7 71. Nf5 Kg6 72. Ng3 Ra1
73. Kg4 Rg1 74. f5+ Kf7 75. Kf4 Rg2 76. Nh5 Rh2 77. g6+ Kf8 78. Kg5 Re2 79. Kh6
Rxe4 80. g7+ Kf7 81. g8=Q+ 1-0

[Event "Chigorin Memorial Open"]
[Site "St Petersburg RUS"]
[Date "2011.10.16"]
[Round "3.96"]
[White "Valov, Ilya"]
[Black "Aminov, Andrey"]
[Result "1-0"]
[WhiteTitle "FM"]
[WhiteElo "2234"]
[BlackElo "2029"]
[WhiteFideId "4199251"]
[BlackFideId "24162728"]
[EventDate "2011.10.14"]

1. d4 Nf6 2. Nf3 g6 3. g3 Bg7 4. Bg2 O-O 5. O-O d6 6. c4 Nc6 7. Nc3 a6 8. d5 Na5
9. Nd2 c5 10. dxc6 Nxc6 11. b3 Bd7 12. Bb2 Rb8 13. Rc1 Qa5 14. a3 Rfc8 15. Qc2
b5 16. b4 Qb6 17. Qb1 Ne5 18. c5 Qd8 19. Nce4 Nxe4 20. Nxe4 Bf5 21. Qa1 Bxe4 22.
Bxe4 Bf6 23. Rfd1 Kg7 24. Rc2 Rc7 25. Rcd2 Rd7 26. c6 1-0

[Event "Chigorin Memorial Open"]
[Site "St Petersburg RUS"]
[Date "2011.10.16"]
[Round "3.97"]
[White "Yakovlev, Yuri S."]
[Black "Bondarenko, Alexander"]
[Result "1-0"]
[BlackTitle "FM"]
[WhiteElo "2029"]
[BlackElo "2224"]
[WhiteFideId "4173929"]
[BlackFideId "14126109"]
[EventDate "2011.10.14"]

1. e4 c5 2. Nf3 Nc6 3. c4 d6 4. d4 cxd4 5. Nxd4 Nf6 6. Nc3 g6 7. Be2 Bg7 8. Be3
O-O 9. O-O a6 10. Qd2 Qc7 11. f3 b6 12. Rac1 Nxd4 13. Bxd4 e6 14. Rfd1 Ne8 15.
b4 Rb8 16. a3 Bb7 17. Na4 Ba8 18. c5 Bxd4+ 19. Qxd4 bxc5 20. bxc5 d5 21. Nb6 e5
22. Nxa8 Rxa8 23. Qxd5 Ra7 24. Qd8 Qxd8 25. Rxd8 Ng7 26. Rd5 Ne6 27. Rxe5 Nf4
28. Bc4 Kg7 29. c6 f6 30. Rc5 Rc7 31. g3 Nh3+ 32. Kg2 Ng5 33. Rd1 a5 34. a4 Rb8
35. Bb5 Kf8 36. Rcd5 Rbc8 37. Rd8+ Rxd8 38. Rxd8+ Ke7 39. Rb8 Ne6 40. Rh8 Kd6
41. Ra8 g5 42. Rxa5 h5 43. h3 h4 44. Ra8 hxg3 45. Kxg3 Rh7 46. Bd3 Rc7 47. Bb5
Rh7 48. Bd3 Rc7 49. Ra5 Nf4 50. Bf1 Kxc6 51. h4 Rg7 52. hxg5 fxg5 53. Kg4 Ng6
54. Kxg5 Nh8+ 55. Kf4 Rg1 56. Bb5+ 1-0

[Event "Chigorin Memorial Open"]
[Site "St Petersburg RUS"]
[Date "2011.10.16"]
[Round "3.98"]
[White "Tugarin, Anton"]
[Black "Vunder, Yakov"]
[Result "1/2-1/2"]
[WhiteElo "2014"]
[BlackElo "2221"]
[WhiteFideId "24151246"]
[BlackFideId "4161955"]
[EventDate "2011.10.14"]

1. d4 d5 2. c4 e6 3. Nf3 Nf6 4. g3 c5 5. cxd5 Nxd5 6. Bg2 cxd4 7. O-O Be7 8.
Nxd4 O-O 9. Nc3 Nxc3 10. bxc3 e5 11. Nc2 Nc6 12. Ne3 Qa5 13. Qb3 Bc5 14. a4 Qb6
15. Qc2 Be6 16. Rb1 Qc7 17. Qb2 Rab8 18. Nd5 Qa5 19. Qb5 Rfd8 20. Be3 Bxe3 21.
Nxe3 a6 22. Qb6 Qxb6 23. Rxb6 Na5 24. Rfb1 Rbc8 25. Bxb7 Nxb7 26. Rxb7 Rxc3 27.
R7b6 Ra8 28. Kg2 g6 29. Rb8+ Rxb8 30. Rxb8+ Kg7 31. Rb6 Bc8 32. a5 Rc5 33. f3
Rxa5 34. Nc4 Ra2 35. Kf2 Bd7 36. Nxe5 Bb5 37. Ke3 Rxe2+ 38. Kd4 f6 39. Rb7+ Kf8
40. Ng4 Re7 41. Rb6 Rd7+ 42. Kc5 Kg7 43. Nxf6 Rf7 44. Ne4 Rxf3 45. Rb7+ Rf7 46.
Rb6 Bd3 47. Nd6 Re7 48. Kd4 Bf1 49. h4 a5 50. Rb1 Bh3 51. Ra1 Ra7 52. Ra3 a4 53.
Nc4 Be6 54. Nd2 Kf6 55. Rf3+ Ke7 56. Ra3 Bf5 57. Re3+ Kf6 58. Nc4 Bc2 59. Rf3+
Kg7 60. Na3 Bb3 61. Nb5 Rd7+ 62. Kc3 Rf7 63. Re3 Kf6 64. Rf3+ Ke5 65. Re3+ Kd5
66. Kb4 Rb7 67. Re1 Kc6 68. Rc1+ Kd7 69. Rc5 Ke6 70. Kc3 Kf6 71. g4 Re7 72. g5+
Kg7 73. Nd6 h6 74. Ra5 hxg5 75. hxg5 Re6 76. Nb7 Re7 77. Nd6 Rd7 78. Ne4 Rd5 79.
Rxd5 Bxd5 80. Nf2 a3 81. Kc2 Kf7 82. Nh3 Bc4 83. Kb1 Ke6 84. Nf4+ Kf5 85. Nxg6
Kxg6 1/2-1/2

[Event "Chigorin Memorial Open"]
[Site "St Petersburg RUS"]
[Date "2011.10.16"]
[Round "3.99"]
[White "Nasybullina, Alfia"]
[Black "Vorobjev, Dmitry"]
[Result "1-0"]
[WhiteElo "1978"]
[BlackElo "2214"]
[WhiteFideId "4132416"]
[BlackFideId "24112178"]
[EventDate "2011.10.14"]

1. d4 Nf6 2. c4 g6 3. Nc3 Bg7 4. e4 O-O 5. Be2 d6 6. Be3 Nbd7 7. h3 a6 8. Nf3 c5
9. O-O cxd4 10. Nxd4 Nc5 11. Qc2 Bd7 12. b4 Ne6 13. Nb3 Rc8 14. f4 b5 15. f5 Nc7
16. c5 Nxe4 17. Nxe4 Bxf5 18. Rad1 d5 19. Rxf5 gxf5 20. Ng3 e6 21. Qd2 Be5 22.
Bf4 f6 23. Nh5 Ne8 24. Bh6 Rf7 25. Nd4 Qd7 26. Qe3 Kh8 27. a4 Rb8 28. a5 Rd8 29.
Bf3 Nc7 30. g4 Rg8 31. Kh1 Bxd4 32. Qxd4 e5 33. Qd2 d4 34. Ng3 e4 35. Be2 fxg4
36. Qxd4 Qxd4 37. Rxd4 gxh3 38. Nxe4 f5 39. Nd6 Rf6 40. Bf4 Re6 41. Be5+ Rxe5
42. Nf7+ Kg7 43. Nxe5 Ne6 44. Rd6 Nf4 45. Bf1 Re8 46. Nd3 Nh5 47. Kh2 f4 48. c6
Ng3 49. Bxh3 Re2+ 50. Kg1 Rc2 51. Nxf4 Ne4 52. Rd7+ Kf6 53. c7 Ng5 54. Bg4 Ne4
55. Nd3 Rc6 56. Bf3 Ke6 57. Bxe4 Kxd7 58. Bxc6+ Kxc7 59. Be4 h6 60. Nc5 h5 61.
Nxa6+ Kc8 62. Nc5 h4 63. Bc6 h3 64. Bxb5 h2+ 65. Kxh2 Kb8 66. Bc6 Ka7 67. b5 Kb8
68. b6 Kc8 69. Ne6 Kb8 70. a6 Kc8 71. b7+ Kb8 72. Nc5 Ka7 73. Bf3 Kb6 74. b8=Q+
Ka5 75. Nd3 Kxa6 76. Qb7+ Ka5 77. Kg3 1-0

[Event "Chigorin Memorial Open"]
[Site "St Petersburg RUS"]
[Date "2011.10.16"]
[Round "3.100"]
[White "Paravyan, David"]
[Black "Rybakova, Polina"]
[Result "1-0"]
[WhiteElo "2192"]
[BlackElo "1743"]
[WhiteFideId "4194985"]
[BlackFideId "24178829"]
[EventDate "2011.10.14"]

1. d4 Nf6 2. c4 g6 3. Nc3 Bg7 4. e4 d6 5. Nf3 O-O 6. h3 Nbd7 7. Be3 c5 8. d5 Qa5
9. Bd3 a6 10. O-O Nh5 11. g4 Nhf6 12. Nd2 Ne5 13. Be2 Qd8 14. f4 Ned7 15. g5 Ne8
16. h4 f6 17. Bg4 Nb6 18. f5 fxg5 19. hxg5 Be5 20. Qf3 Ng7 21. Qh3 Rf7 22. Kg2
Qf8 23. Rf2 Bd7 24. fxg6 Rxf2+ 25. Bxf2 hxg6 26. Bxd7 Nxd7 27. Qxd7 Qf4 28. Nf3
Bxc3 29. bxc3 e6 30. Bg3 Qxe4 31. Rf1 Qe2+ 32. Rf2 Qxc4 33. dxe6 Nxe6 34. Qf7+
Kxf7 35. Ne5+ Kg8 36. Nxc4 Nxg5 37. Nxd6 b5 38. Rf6 Kh7 39. Bf4 1-0

[Event "Chigorin Memorial Open"]
[Site "St Petersburg RUS"]
[Date "2011.10.16"]
[Round "3.102"]
[White "Puzko, Danila"]
[Black "Bukhteeva, Viktoria"]
[Result "0-1"]
[BlackTitle "WFM"]
[WhiteElo "1955"]
[BlackElo "2178"]
[WhiteFideId "24153745"]
[BlackFideId "4192907"]
[EventDate "2011.10.14"]

1. e4 d5 2. exd5 Nf6 3. d4 Bg4 4. Be2 Bxe2 5. Nxe2 Qxd5 6. O-O Nc6 7. Be3 O-O-O
8. Nd2 Qh5 9. Nf3 e5 10. c3 exd4 11. Nexd4 Bd6 12. h3 Nxd4 13. cxd4 Nd5 14. Qc2
Rhe8 15. Rae1 Re6 16. Bg5 Rde8 17. Qf5 h6 18. Qxd5 Rxe1 19. Rxe1 Rxe1+ 20. Nxe1
Qe2 21. Qf5+ Kb8 22. Bd2 Qxd2 23. Qe4 a6 24. g3 Qxb2 25. Kg2 Qxa2 26. Nf3 Qe6
27. Qd3 Qd5 28. Qh7 a5 29. Qh8+ Ka7 30. Qxg7 a4 31. Qxh6 a3 32. Qc1 a2 33. Qb2
Qa5 34. Qa1 Bb4 0-1

[Event "Chigorin Memorial Open"]
[Site "St Petersburg RUS"]
[Date "2011.10.16"]
[Round "3.103"]
[White "Startsev, Andrei"]
[Black "Matsenko, Andrei"]
[Result "0-1"]
[WhiteElo "1867"]
[BlackElo "2116"]
[WhiteFideId "24101850"]
[BlackFideId "24146501"]
[EventDate "2011.10.14"]

1. d4 d5 2. c4 c6 3. Nc3 Nf6 4. Nf3 e6 5. cxd5 exd5 6. Bg5 Bf5 7. e3 Be7 8. Bd3
Bxd3 9. Qxd3 O-O 10. O-O Nbd7 11. Rab1 a5 12. Rfc1 Ne4 13. Bxe7 Qxe7 14. a3 f5
15. Ne2 Kh8 16. b4 axb4 17. axb4 Nd6 18. Nd2 Nb5 19. Rb3 Nd6 20. Qb1 Ra6 21. Qb2
Rfa8 22. Nc3 b5 23. Qc2 g6 24. Rbb1 Nb6 25. Re1 Nbc4 26. Nxc4 Nxc4 27. Qd3 Ra3
28. Qc2 Kg7 29. Qc1 Qd6 30. Rd1 h5 31. Rd3 h4 32. f3 Qe7 33. Qe1 Re8 34. Qc1 Ra7
35. Kf2 Qd6 36. Qg1 Rae7 37. Nd1 f4 38. Rbb3 Qf6 39. Kf1 fxe3 40. Nxe3 Qf4 41.
Ke2 Nxe3 42. Rxe3 Rxe3+ 43. Rxe3 Qxd4 44. Qc1 Qc4+ 45. Qxc4 Rxe3+ 46. Kxe3 bxc4
47. Kd4 Kf6 48. g3 hxg3 49. hxg3 Kf5 50. Ke3 Ke5 51. f4+ Kf5 52. Kf3 d4 53. g4+
Ke6 54. Ke4 d3 55. Ke3 Kd5 56. Kd2 Ke4 0-1

[Event "Chigorin Memorial Open"]
[Site "St Petersburg RUS"]
[Date "2011.10.16"]
[Round "3.104"]
[White "Khatenever, Feliks"]
[Black "Ivkina, Olga"]
[Result "0-1"]
[BlackTitle "WIM"]
[WhiteElo "1864"]
[BlackElo "2296"]
[WhiteFideId "4131800"]
[BlackFideId "4156820"]
[EventDate "2011.10.14"]

1. d4 Nf6 2. Nf3 g6 3. b3 Bg7 4. Bb2 O-O 5. e3 d6 6. Be2 Nbd7 7. Nbd2 c6 8. O-O
Qc7 9. c4 e5 10. dxe5 dxe5 11. e4 Rd8 12. Qc2 Nh5 13. g3 Nf8 14. c5 Bh3 15. Rfd1
Ne6 16. Nc4 f6 17. b4 b6 18. Nd6 Bf8 19. Rac1 Rab8 20. Ba3 b5 21. Qd2 Rd7 22.
Bb2 Rbd8 23. Qe3 Bxd6 24. cxd6 Rxd6 25. Rxd6 Qxd6 26. a3 Rd7 27. Bc3 Nd4 28.
Bxd4 exd4 29. Qd3 Nf4 30. Qd2 Nxe2+ 31. Qxe2 a5 32. Qd2 axb4 33. axb4 Qe6 34.
Qd3 Qd6 35. Rb1 Kg7 36. Nd2 Ra7 37. Nf3 Rd7 38. Nd2 f5 39. f3 f4 40. Kf2 Be6 41.
g4 Ra7 42. Rb2 Ra4 43. e5 Qxe5 44. Qe4 Qxe4 45. Nxe4 Bd5 46. Nc5 Ra3 47. Rd2
Rxf3+ 48. Kg1 Ra3 49. Rxd4 Ra1+ 50. Kf2 Ra2+ 51. Kf1 f3 52. Rxd5 cxd5 53. Ne6+
Kf6 54. Nd4 0-1

[Event "Chigorin Memorial Open"]
[Site "St Petersburg RUS"]
[Date "2011.10.16"]
[Round "3.105"]
[White "Melnikov, Dmitry"]
[Black "Chuprova, Irina"]
[Result "1-0"]
[WhiteTitle "FM"]
[WhiteElo "2299"]
[BlackElo "1919"]
[WhiteFideId "4146468"]
[BlackFideId "24138584"]
[EventDate "2011.10.14"]

1. g3 g6 2. Bg2 Bg7 3. d3 e5 4. e4 Nc6 5. Ne2 Nge7 6. Nbc3 O-O 7. O-O f5 8. f4
d6 9. Be3 a6 10. Qd2 Nd4 11. Rae1 c6 12. Nd1 Nxe2+ 13. Qxe2 Be6 14. fxe5 Bxe5
15. Bh6 Rf7 16. b3 Qd7 17. c3 fxe4 18. d4 Bg7 19. Bxg7 Rxg7 20. Qxe4 Bf5 21. Qe2
Kh8 22. Nf2 Ng8 23. g4 Re7 24. Qf3 Be6 25. Qg3 Rae8 26. c4 b5 27. d5 cxd5 28.
cxd5 Bxd5 29. Qc3+ Re5 30. Bxd5 Qg7 31. Rxe5 Rxe5 32. Bxg8 1-0

[Event "Chigorin Memorial Open"]
[Site "St Petersburg RUS"]
[Date "2011.10.16"]
[Round "3.106"]
[White "Safronov, Kirill"]
[Black "Ivakhinova, Inna"]
[Result "0-1"]
[BlackTitle "WIM"]
[WhiteElo "1932"]
[BlackElo "2288"]
[WhiteFideId "24141976"]
[BlackFideId "4185641"]
[EventDate "2011.10.14"]

1. d4 Nf6 2. c4 c5 3. d5 b5 4. a4 bxc4 5. Nc3 g6 6. e4 d6 7. Bxc4 Bg7 8. Nge2
O-O 9. O-O Ba6 10. Qd3 Qc8 11. Nb5 Nfd7 12. f4 Nb6 13. Ra3 Nxc4 14. Qxc4 Nd7 15.
Qc2 Nb6 16. Raf3 Qd7 17. b3 Bxb5 18. axb5 Qxb5 19. f5 c4 20. Qb1 cxb3 21. Nc3
Qc5+ 22. Be3 Qxc3 23. Bxb6 Qc4 24. Be3 b2 25. Kh1 a5 26. f6 Bxf6 27. h4 a4 28.
Bh6 a3 29. Rxf6 exf6 30. Kh2 a2 31. Qxb2 Qxf1 0-1

[Event "Chigorin Memorial Open"]
[Site "St Petersburg RUS"]
[Date "2011.10.16"]
[Round "3.108"]
[White "Evsyukov, Aleksey"]
[Black "Chehlov, Aleksander"]
[Result "0-1"]
[BlackTitle "FM"]
[WhiteElo "1902"]
[BlackElo "2211"]
[WhiteFideId "24159557"]
[BlackFideId "11600632"]
[EventDate "2011.10.14"]

1. e4 c5 2. Nf3 d6 3. d4 cxd4 4. Nxd4 Nf6 5. Nc3 Nc6 6. Bg5 e6 7. Qd2 a6 8.
O-O-O Bd7 9. Nb3 b5 10. f4 b4 11. Bxf6 gxf6 12. Nd5 exd5 13. exd5 Na5 14. Re1+
Be7 15. Nd4 O-O 16. f5 Kh8 17. Re4 Rg8 18. Bd3 Bf8 19. Rhe1 Qb6 20. Rh4 Re8 21.
Rf1 Re5 22. Rf3 Rg5 23. Rfh3 h6 24. b3 Qc5 25. Be4 Rxe4 26. Rxe4 Qxd5 27. Qe2
Kh7 28. g4 Nc6 29. Nf3 Rg8 30. Nd2 Qb5 31. Qe1 d5 32. Rf4 Qb8 33. Qf2 Qe5 34.
Re3 Qa1+ 35. Nb1 Bc5 36. Rff3 Re8 37. Qe2 Bxe3+ 38. Rxe3 Rxe3 39. Qxe3 Qd4 40.
Qe2 a5 41. Nd2 Ne5 42. h3 Qg1+ 43. Kb2 Qc5 44. h4 Bb5 45. Qg2 Qd4+ 46. Kc1 Nxg4
47. Nf3 Qe4 0-1